Statistics for Champions League African Best Scorer by Year

Click here to take the quiz!

General Stats

  • This quiz has been taken 398 times
    (313 since last reset)
  • The average score is 9 of 25

Answer Stats

Scorer% Correct
Mohamed Salah
97%
Didier Drogba
93%
Sadio Mané
90%
Samuel Eto'o
88%
Sébastien Haller
72%
Pierre-Emerick Aubameyang
70%
George Weah
63%
Youssef En-Nesyri
49%
Emmanuel Adebayor
44%
Moussa Marega
36%
Vincent Aboubakar
30%
Demba Ba
26%
Marouane Chamakh
26%
Achraf Hakimi
23%
Seydou Doumbia
23%
Abédi Pelé
22%
Yacine Brahimi
21%
Sofiane Feghouli
13%
Shabani Nonda
12%
Noureddine Naybet
9%
Victor Ikpeba
7%
Ibrahima Bakayoko
4%
Tijjani Babangida
4%
Japhet N'Doram
3%
Yakubu Aiyegbeni
2%

Score Distribution

Percentile by Number Answered

Percent of People with Each Score

Your Score History

You have not taken this quiz since the last reset